Ανάλυση Δεδομένων με τη Βοήθεια Στατιστικών Πακέτων / SPSS - Excel - S-Plus (Record no. 4540)
[ view plain ]
| 000 -LEADER | |
|---|---|
| fixed length control field | 01400cam a22002174a 4500 |
| 005 - ΗΜΕΡΟΜΗΝΙΑ ΚΑΙ ΩΡΑ ΤΕΛΕΥΤΑΙΑΣ ΕΝΗΜΕΡΩΣΗΣ | |
| Πεδίο ελέγχου | 20250605164148.0 |
| 008 - FIXED-LENGTH DATA ELEMENTS--GENERAL INFORMATION | |
| Πεδίο ελέγχου σταθερού μήκους | 250528s ||||||||||||||||||||||||d |
| 035 ## - SYSTEM CONTROL NUMBER | |
| System control number | 19276 |
| 020 ## - ISBN | |
| ISBN | 9604315188 |
| 040 ## - ΠΗΓΗ ΚΑΤΑΛΟΓΟΓΡΑΦΗΣΗΣ | |
| Φορέας πρωτότυπης καταλογογράφησης | MC Athens Campus Library |
| Γλώσσα καταλογογράφησης | Ελληνικά, Μοντέρνα (1453-) |
| Modifying agency | MC Athens Campus Library |
| Κανόνες περιγραφικής καταλογογράφησης | AACR2 |
| 245 1# - ΤΙΤΛΟΣ ΚΑΙ ΔΗΛΩΣΗ ΥΠΕΥΘΥΝΟΤΗΤΑΣ | |
| Τίτλος | Ανάλυση Δεδομένων με τη Βοήθεια Στατιστικών Πακέτων / SPSS - Excel - S-Plus |
| 260 ## - PUBLICATION, DISTRIBUTION, ETC. | |
| Name of publisher, distributor, etc. | Ζήτη, |
| Date of publication, distribution, etc. | 1999 |
| 520 ## - SUMMARY, ETC. | |
| Summary, etc. | Πρόλογος, Εισαγωγή στη Στατιστική Ανάλυση, Στατιστική, Επιστημονική Έρευνα και Στατιστική, Στατιστικές Τεχνικές, Ανάλυση μιας Μεταβλητής, Περιγραφική Στατιστική, Στατιστική Συμπερασματολογία, Ανάλυση Δύο Μεταβλητών, Περιγραφική Στατιστική, Στατιστική Συμπερασματολογία (Σύγκριση Δύο Δειγμάτων), Στατιστική Συμπερασματολογία (Σχέση Μεταξύ Δύο Μεταβλητών), Η Γλώσσα S, S.P.S.S., Excel. |
| 700 1# - ΠΡΟΣΘΕΤΗ ΑΝΑΓΡΑΦΗ--ΦΥΣΙΚΟ ΠΡΟΣΩΠΟ | |
| Personal name | Μπαγιάτης Ντίνος |
| 9 (RLIN) | 5508 |
| 700 1# - ΠΡΟΣΘΕΤΗ ΑΝΑΓΡΑΦΗ--ΦΥΣΙΚΟ ΠΡΟΣΩΠΟ | |
| Personal name | Μωυσιάδης Χρόνης |
| 9 (RLIN) | 5509 |
| 700 1# - ΠΡΟΣΘΕΤΗ ΑΝΑΓΡΑΦΗ--ΦΥΣΙΚΟ ΠΡΟΣΩΠΟ | |
| Personal name | Τσάντας Νίκος |
| 9 (RLIN) | 5510 |
| 700 1# - ΠΡΟΣΘΕΤΗ ΑΝΑΓΡΑΦΗ--ΦΥΣΙΚΟ ΠΡΟΣΩΠΟ | |
| Personal name | Χατζηπαντελής Θόδωρος |
| 9 (RLIN) | 5511 |
| 942 ## - ADDED ENTRY ELEMENTS (KOHA) | |
| Koha item type | Books |
| Τύπος τεκμηρίου | Βιβλιοθήκη | Τρέχουσα τοποθεσία | Barcode | Αριθμός εισαγωγής | Ημερομηνία απόκτησης | Ταξιθετικό σύμβολο | Αριθμός αντιτύπου | Κατάσταση απόσυρσης | Κατάσταση χαμένου | Κατάσταση κατεστραμμένου | Μη δανεισμός | Σύνολο δανεισμών | Ημερομηνία τελευταίας εμφάνισης | Η τιμή ισχύει από |
|---|---|---|---|---|---|---|---|---|---|---|---|---|---|---|
| Books | MC Athens Campus Library | MC Athens Campus Library | 9780000045393 | 5275 | 05/06/2025 | 519.50285 TSA | 1 | 05/06/2025 | 05/06/2025 |